Дистанційне навчання в світовій системі освіти (Запис № 282619)

МАРК-запис
000 -LEADER
fixed length control field 01545nam a22001577a 4500
041 ## - LANGUAGE CODE
Language code of text/sound track or separate title ukr
080 ## - UNIVERSAL DECIMAL CLASSIFICATION NUMBER
Universal Decimal Classification number 09
090 ## - LOCALLY ASSIGNED LC-TYPE CALL NUMBER (OCLC); LOCAL CALL NUMBER (OCLC)
Local cutter number (OCLC) ; Book number/undivided call number, CALL (RLIN) ЮРЕ
100 ## - MAIN ENTRY--PERSONAL NAME
Personal name Юречко, О. І.
245 ## - TITLE STATEMENT
Title Дистанційне навчання в світовій системі освіти
260 ## - PUBLICATION, DISTRIBUTION, ETC. (IMPRINT)
Place of publication, distribution, etc Острог
Name of publisher, distributor, etc КАФ
Date of publication, distribution, etc 2003
300 ## - PHYSICAL DESCRIPTION
Extent 56
520 ## - SUMMARY, ETC.
Summary, etc Розділ 1.Дидактичні аспекти дистанційного навчання та його використання в освіті.<br/>1.1.Світовий досвід використання дистанційного навчання.<br/>1.2.Дистанційне навчання як частина загальної інформаційної інфраструктури.<br/>Розділ 2.Концепція розвитку дистанційного навчання в Україні.<br/>2.1.Доцільність створення системи дистанційної освіти в Україні.<br/>2.2.Характерні риси дистанційної освіти в Україні.<br/>2.3.Мета та основні завдання системи дистанційної освіти в Україні.<br/>2.4.Дистанційне навчання в Технологічному університеті Поділля.<br/>2.5.Мережа Інтернет в реалізації співпраці навчальних закладів.
-- дистанційне,навчання, дидактичні,концепція
650 ## - SUBJECT ADDED ENTRY--TOPICAL TERM
Topical term or geographic name as entry element Research Papers
942 ## - ADDED ENTRY ELEMENTS (KOHA)
Koha item type Книги
Фонди
Withdrawn status Lost status Source of classification or shelving scheme Damaged status Not for loan Home library Current library Date acquired Source of acquisition Coded location qualifier Cost, normal purchase price Total Checkouts Full call number Barcode Date last seen Price effective from Koha item type
    Universal Decimal Classification     ВІЛ - Відділ іноземн. літератури НБ ВІЛ - Відділ іноземн. літератури НБ 08/08/2005 Акт В12 1.00   09 210181 29/01/2019 16/12/2004 Книги